LEADER 00829nam a2200229 i 4500 001 000000167466 003 CaOOAMICUS 005 20071204000000.0 008 071204s1960 it u000 u ita u 013 $a144843 040 $aSeMil$bita 100 1 $aQuarantotti Gambini, Pier Antonio.$0(OLS)http://semarc/name/50843 245 13$aLa rosa rossa /$cP. A. Quarantotti Gambini. 260 $aTorino :$bEinaudi,$ccopyr. 1960. 300 $a222 p. ;$c20 cm. 490 0 $aNuovi coralli ;$v39 830 0$aNuovi coralli ;$v39.$0(OLS)http://semarc/title/6905 850 $aSeMil 852 $aSeMil$W1$xVenegono$y1$m1C II 328$j249077$B118617$CSeMilBibl$Z2$F129503 $81 961 $aRecupero: Altro 996 $6245$aLa rosa rossa$9(OLS)http://semarc/title/218239 996 $6260$aTorino :$bEinaudi$9(OLS)http://semarc/publisher/29884 LEADER 01172nam a2200265 i 4500 001 000000127267 003 CaOOAMICUS 005 20040701000000.0 008 040701s2004 it u000 u ita u 013 $a99975 020 $a88-464-5571-1 040 $aSeMil$bita 100 1 $aD'Ippolito, Bianca Maria.$0(OLS)http://semarc/name/52924 245 13$aLa cattedrale sommersa :$bFenomenologia e psicopatologia in Ludwig Binswanger /$cBianca Maria D'Ippolito. 260 $aMilano :$bFranco Angeli,$c2004. 300 $a233 p. ;$c23 cm. 490 0 $aCultura, scienza e società ;$v17 600 14$aBinswanger, Ludwig <1881-1966>.$0(OLS)http://semarc/subject/16143 830 0$aCultura, scienza e società ;$v17.$0(OLS)http://semarc/title/38734 850 $aSeMil 852 $aSeMil$W1$xVenegono$y1$m80 17 17 *$j81583$B81583$CSeMilBibl$Z2$F85981 $81 961 $aAcquisto: Àncora (Libreria) 996 $6020$a88-464-5571-1$9(OLS)http://semarc/number/113666 996 $6245$aLa cattedrale sommersa :$bFenomenologia e psicopatologia in Ludwig Binswanger$9(OLS)http://semarc/title/187811 996 $6260$aMilano :$bFranco Angeli$9(OLS)http://semarc/publisher/30369